| 000 | 00919nam a22003017a 4500 | ||
|---|---|---|---|
| 001 | 000471 | ||
| 003 | DO-SdBNP | ||
| 005 | 20171110103258.0 | ||
| 007 | 000471 | ||
| 008 | 160905b 2008 sp ||||| |||| 00| 0 spa d | ||
| 020 | _a9788466321631 | ||
| 040 |
_aBPMSU _bspa _cBPMSU |
||
| 082 | 4 |
_a616.34 _bT321e |
|
| 092 |
_a _b |
||
| 100 | 1 |
_aTerol, Óscar, _d1969- |
|
| 245 | 1 | 0 |
_aLa era del estreñimiento : _bel laxante está en sus manos / _cÓscar Terol. |
| 260 |
_aMadrid : _bPunto de Lectura, _c2008 |
||
| 300 |
_a234 p. : _bil. ; _c19 cm. |
||
| 490 | 1 |
_aPunto de lectura _v227/3 |
|
| 500 | _aIncluye datos biográficos del autor | ||
| 650 | _aESTREÑIMIENTO | ||
| 650 |
_aINSTESTINO _vENTEROPATÍAS |
||
| 830 |
_aPunto de lectura ; _v227/3 |
||
| 942 |
_2ddc _cBK |
||
| 945 | _aInventariado, 2017/MFF | ||
| 956 |
_2LOPEREZ _310 _620160905 _8BPMSU _a00041 |
||
| 956 |
_aVMATEO _b10 _c20160930 _dBPMSU _f0069 |
||
| 999 |
_c11315 _d11315 |
||